Statistiken für Alle Pokemon mit "F"

Klicken Sie hier um das Quiz zu spielen!

Allgemein

  • Dieses Quiz wurde 415 mal gespielt
    (33 seit der letzten Aktualisierung)
  • Das Durchschnittsergebnis liegt bei 30 aus 64

Antwortstatistiken

HintAntwort% Korrekt
Kanto (3)199Flamara
88%
Kanto (3)058Fukano
88%
Hoenn (7)255Flemmli
81%
Johto (5)155Feurigel
75%
Kalos (9)655Fennexis
69%
Kalos (9)669Flabébé
69%
Kalos (9)653Fynx
69%
Einall (15)500Flambirex
63%
Kanto (3)079Flegmon
63%
Einall (15)498Floink
63%
Kalos (9)671Florges
63%
Sinnoh (3)470Folipurba
63%
Johto (5)235Farbeagle
56%
Kalos (9)700Feelinara
56%
Einall (15)499Ferkokel
56%
Hoenn (7)261Fiffyen
56%
Sinnoh (3)456Finneon
56%
Hoenn (7)362Firnontor
56%
Alola (5)725Flamiau
56%
Einall (15)527Fleknoil
56%
Kalos (9)670Floette
56%
Johto (5)205Forstellka
56%
Kalos (9)656Froxy
56%
Alola (5)762Frubaila
56%
Alola (5)761Frubberl
56%
Johto (5)194Felino
50%
Einall (15)632Fermicula
50%
Kalos (9)663Fiaro
50%
Einall (15)554Flampion
50%
Einall (15)555Flampivian
50%
Einall (15)528Fletiamo
50%
Hoenn (7)309Frizelbliz
50%
Sinnoh (3)478Frosdedje
50%
Alola (5)763Fruyal
50%
Alola (5)727Fuegro
50%
Einall (15)631Furnifraß
50%
Einall (15)509Felilou
44%
Paldea (16)907Feliospa
44%
Paldea (16)906Felori
44%
Paldea (16)915Ferkuli
44%
Johto (5)174Fluffeluff
44%
Hoenn (7)303Flunkifer
44%
Einall (15)618Flunschlik
44%
Einall (15)615Frigometri
44%
Paldea (16)
981Farigiraf
38%
Galar (1)854Fatalitee
38%
Paldea (16)987Flatterhaar
38%
Kalos (9)684Flauschling
38%
Hoenn (7)293Flurmel
38%
Einall (15)541Folikon
38%
Paldea (16)916Fragrunz
38%
Paldea (16)973Flaminkno
31%
Hoenn (7)351Formeo
31%
Einall (15)521Fasasnob
25%
Paldea (16)1013Fatalitcha
25%
Paldea (16)974Flaniwal
25%
Paldea (16)955Flattutu
25%
Paldea (16)913Fuentente
25%
Paldea (16)925Famieps
19%
Einall (15)566Flapteryx
19%
Paldea (16)957Forgita
19%
Paldea (16)
996Frospino
19%
Paldea (16)1021Furienblitz
19%
Paldea (16)972
Friedwuff
13%

Verteilung der Resultate

Perzentil nach korrekt beantworteten Fragen

Anzahl Personen mit jedem Resultat

Ihre Resultats-Entwicklung

Sie haben dieses Quiz seit der letzten Aktualisierung nicht gespielt